000 00464nam a2200157Ia 4500
008 240729s9999 xx 000 0 und d
022 _a2090-0813
245 0 _aEgyptian Academic Journal of Biological Sciences. A, Entomology
260 _aEgypt
260 _bEgyptian Society of Biological Sciences
650 _a Biology (General)
650 _aScience
856 _uhttps://doaj.org/toc/6a32082e800248b288dd51b1a4deefee
942 _2ddc
942 _cDOAJEJ
999 _c67308
_d67308
945 _a1
_bMadushi Gamage
_c1
_dMadushi Gamage